Vybrané dokumenty ke studiu mezinárodního práva veřejného 1. díl

Uložené v:
Podrobná bibliografia
Hlavní autori: Potočný, Miroslav, 1925-2001 (Author), Beránek, Milan (Author)
Médium: Kniha
Jazyk:Czech
Vydané: Praha : Univerzita Karlova, 1985.
Vydanie:1. vyd.
ISBN: (brož.)
Fyzický popis: 304 s.
Tagy: Pridať tag
Žiadne tagy, Buďte prvý kto otaguje tento záznam!

MARC

LEADER 00000nam a22000004a 4500
001 000398564
005 20120830174842.0
008 120830s1985 xr e 000 0 cze d
020 |a (brož.)  |c Kčs 23,00 
040 |a SVKKK  |b slo  |c SVKKK  |e AACR2 
041 0 |a cze 
044 |a xr  |c CZ 
100 1 |a Potočný, Miroslav,  |d 1925-2001.  |4 aut 
245 1 0 |a Vybrané dokumenty ke studiu mezinárodního práva veřejného  |n 1. díl  |c Miroslav Potočný, Milan Beránek. 
250 |a 1. vyd. 
260 |a Praha :  |b Univerzita Karlova,  |c 1985. 
300 |a 304 s. 
700 1 |a Beránek, Milan  |4 aut 
910 |a svkkk 
998 |a BK 
090 |g SCKHL  |k Sklad Pribinova 3. posch.  |a V.158119  |j 736022  |i B257936  |4 Duplikát  |s Vyradená 
090 |g SCKHL  |k Sklad Pribinova 3. posch.  |a V.158120  |j 736023  |i 2720958594  |s Absenčne